Вып. 26; Вопросы динамической теории распространения сейсмических волн

Chi tiết về thư mục
Parent link:Вопросы динамической теории распространения сейсмических волн: сборник научных трудов/ Ленинградский государственный университет (ЛГУ) ; под ред. Г. И. Петрашеня. Вып. 26.— , 1957-1990
Ngôn ngữ:Tiếng Nga
Được phát hành: 1987
Những chủ đề:
Định dạng: MixedMaterials Sách
KOHA link:https://koha.lib.tpu.ru/cgi-bin/koha/opac-detail.pl?biblionumber=272344

MARC

LEADER 00000nam2a2200000 4500
001 272344
005 20231101234526.0
035 |a (RuTPU)RU\TPU\book\295550 
035 |a RU\TPU\book\272943 
090 |a 272344 
100 |a 20141017d1987 k y0rusy50 ca 
101 0 |a rus 
102 |a RU 
105 |a a z 001zy 
200 0 |a Вып. 26 
210 |d 1987 
215 |a 256 с.  |c ил. 
320 |a Библиогр. в конце ст. 
461 1 |0 (RuTPU)RU\TPU\book\199957  |t Вопросы динамической теории распространения сейсмических волн  |o сборник научных трудов  |f Ленинградский государственный университет (ЛГУ) ; под ред. Г. И. Петрашеня  |v Вып. 26  |d 1957-1990 
606 1 |a Сейсмические волны  |x Распространение  |2 stltpush  |3 (RuTPU)RU\TPU\subj\54357  |9 72514 
610 1 |a динамическая теория 
610 1 |a сейсморазведка 
610 1 |a сейсмология 
610 1 |a обработка данных 
610 1 |a вычисления 
610 1 |a алгоритмы 
610 1 |a численное моделирование 
610 1 |a упругие среды 
610 1 |a слои 
610 1 |a вязкоупругие жидкости 
610 1 |a годографы 
610 1 |a моделирование 
610 1 |a сейсмограммы 
675 |a 550.344  |v 3 
801 1 |a RU  |b 63413507  |c 20120419 
801 2 |a RU  |b 63413507  |c 20160321  |g RCR 
942 |c BK